000 00618nam a22002295i 4500
001 16221
003 ES-MaACL
005 20230906151250.0
007 t|
008 000711s1997 sp ||||0| spa j
020 _a84-01-41852-6
040 _aM-BN
_bspa
_cM-BN
080 _a821.134.2-31"19"
100 1 _aPuértolas, Soledad.
_994193
245 1 0 _aBurdeos /
_cSoledad Puértolas.
250 _a1ª ed.
260 _aBarcelona :
_bPlaza & Janés,
_c1997.
300 _a179 p. ;
_c18 cm.
490 0 _aAve Fénix ;
_v242
830 3 _aEl Ave Fenix ;
_v242.
_9121026
852 _aES-MaACL
_jL-23372
_bR.128360
999 _c16221
_d16221